| 000 | 00649nam a2200133Ia 4500 | ||
|---|---|---|---|
| 008 | 220620s9999||||xx |||||||||||||| ||und|| | ||
| 022 | _a16648714 | ||
| 100 | _aCornelius Glackin||Julie Wall | ||
| 245 | 0 | _aSpiking Neural Network Connectivity and its Potential for Temporal Sensory Processing and Variable Binding | |
| 546 | _aEnglish[eng] | ||
| 650 | _aLearning||cell assembly||sensory processing||spike timing||connectivity||biological neurons||Spiking Neural network | ||
| 856 | _uhttp://journal.frontiersin.org/researchtopic/1072/spiking-neural-network-connectivity-and-its-potential-for-temporal-sensory-processing-and-variable-b | ||
| 942 | _cEB | ||
| 999 |
_c30953 _d30953 |
||